[Event "Women's Speed Chess Q4"]
[Site "chess.com INT"]
[Date "2020.06.21"]
[Round "3"]
[White "Narva, Mai"]
[Black "Huda, Maryana"]
[Result "1-0"]
[WhiteTitle "WIM"]
[BlackTitle "WGM"]
[WhiteElo "2333"]
[BlackElo "2128"]
[WhiteFideId "4500512"]
[BlackFideId "14116553"]
[EventDate "2020.06.21"]

1. e4 e5 2. Nf3 Nc6 3. Bb5 a6 4. Ba4 Nf6 5. O-O b5 6. Bb3 Bb7 7. d3 Be7 8. Be3
d5 9. exd5 Nxd5 10. Bd2 O-O 11. Nc3 Nxc3 12. Bxc3 Bf6 13. Re1 Re8 14. Qd2 a5 15.
a3 Qd6 16. Ng5 Bxg5 17. Qxg5 b4 18. axb4 axb4 19. Bd2 Nd4 20. Ba4 h6 21. Qh4
Rxa4 22. Rxa4 Qc6 23. Qg4 Qxa4 24. Bxh6 g6 25. c3 Nf5 26. Bg5 Qc6 27. h4 f6 28.
Bd2 Kf7 29. h5 Rg8 30. h6 bxc3 31. bxc3 Rh8 32. d4 exd4 33. cxd4 Qd5 34. Rc1 Rc8
35. Be3 Nxe3 36. fxe3 c6 37. Rb1 c5 38. Kf2 c4 39. h7 c3 40. Qxc8 Qxg2+ 41. Ke1
Qd2+ 42. Kf1 Bxc8 43. h8=Q c2 44. Qh7+ Ke6 45. Qg8+ 1-0

[Event "Women's Speed Chess Q4"]
[Site "chess.com INT"]
[Date "2020.06.21"]
[Round "3"]
[White "Antolak, Julia"]
[Black "Matveeva, Olga"]
[Result "1-0"]
[WhiteTitle "WIM"]
[BlackTitle "WIM"]
[WhiteElo "2323"]
[BlackElo "2171"]
[WhiteFideId "1159569"]
[BlackFideId "24107018"]
[EventDate "2020.06.21"]

1. e4 e6 2. d4 d5 3. Nd2 c5 4. exd5 Qxd5 5. Ngf3 cxd4 6. Bc4 Qd6 7. O-O Nf6 8.
Nb3 Nc6 9. Nbxd4 Nxd4 10. Nxd4 a6 11. Re1 Qc7 12. Qe2 Bd7 13. Bg5 O-O-O 14. a4
Bd6 15. h3 Qc5 16. Be3 Qe5 17. Nf3 Qe4 18. Bxa6 Bc6 19. Bb5 h5 20. a5 Ng4 21.
Bxc6 Qxc6 22. a6 Nxe3 23. Qxe3 bxa6 24. Qa7 Bc5 25. Qxa6+ Qxa6 26. Rxa6 Kb7 27.
Rea1 Rd5 28. R6a4 Rhd8 29. Re4 Bb6 30. c4 Rd1+ 31. Re1 R1d3 32. b4 Rb3 33. Rab1
Rdd3 34. Ne5 Rxb1 35. Rxb1 Rd2 36. c5 Bc7 37. Nxf7 Kc6 38. Ng5 Kb5 39. Nxe6 Be5
40. f4 Bc3 41. Rc1 Bxb4 42. c6 Ba5 43. c7 Bb6+ 44. Kh2 Bxc7 45. Nxc7+ Kb6 46.
Ne6 Rd7 47. Re1 Re7 48. f5 1-0

[Event "Women's Speed Chess Q4"]
[Site "chess.com INT"]
[Date "2020.06.21"]
[Round "3"]
[White "Batsiashvili, Nino"]
[Black "Vaishali, R"]
[Result "0-1"]
[WhiteTitle "GM"]
[BlackTitle "WGM"]
[WhiteElo "2457"]
[BlackElo "2393"]
[WhiteFideId "13602993"]
[BlackFideId "5091756"]
[EventDate "2020.06.21"]

1. d4 Nf6 2. Nf3 g6 3. g3 Bg7 4. Bg2 c5 5. O-O cxd4 6. Nxd4 d5 7. c4 O-O 8. Nc3
e5 9. Ndb5 a6 10. Na3 d4 11. Nd5 Nc6 12. Bg5 Be6 13. Bxf6 Bxf6 14. Nc2 Bg7 15.
e3 Rc8 16. exd4 exd4 17. Rc1 b5 18. cxb5 axb5 19. Ncb4 Nxb4 20. Rxc8 Bxc8 21.
Nxb4 Qd6 22. a3 Bf5 23. g4 Be6 24. Qf3 h6 25. Rd1 f5 26. gxf5 Rxf5 27. Qg3 Qxg3
28. hxg3 Bb3 29. Rd2 Rc5 30. Be4 Kf7 31. Nc6 g5 32. Nxd4 Rc1+ 33. Kg2 Bc4 34.
Nf5 Bf1+ 35. Kh2 g4 36. Nxg7 Kxg7 37. Bg2 Bc4 38. Be4 Re1 39. Bc6 Kf6 40. Kg2
Rc1 41. Be4 Ke5 42. Bb7 h5 43. Kh2 Bf1 0-1

[Event "Women's Speed Chess Q4"]
[Site "chess.com INT"]
[Date "2020.06.21"]
[Round "3"]
[White "Papp, Petra"]
[Black "Belenkaya, Dina"]
[Result "1-0"]
[WhiteTitle "WGM"]
[BlackTitle "WGM"]
[WhiteElo "2338"]
[BlackElo "2297"]
[WhiteFideId "739049"]
[BlackFideId "24142654"]
[EventDate "2020.06.21"]

1. e4 d5 2. exd5 Qxd5 3. Nc3 Qa5 4. d4 Nf6 5. Nf3 c6 6. Bc4 Bf5 7. Bd2 Qb6 8.
Bb3 e6 9. Qe2 Be7 10. O-O-O Nbd7 11. Kb1 O-O-O 12. Bf4 Rhe8 13. h3 h6 14. g4 Bh7
15. g5 hxg5 16. Nxg5 Bg6 17. Rhg1 Nd5 18. Nxd5 exd5 19. Qg4 Bxg5 20. Bxg5 f6 21.
Bf4 Re4 22. Qxg6 Rxf4 23. Qxg7 Rxd4 24. Rde1 Rd2 25. f4 Qf2 26. Qg4 Kc7 27. h4
a5 28. h5 Nc5 29. Qg7+ Kb6 30. Qxf6 Ra8 31. h6 a4 32. Bxd5 Rxc2 33. h7 a3 34.
Ref1 Qh2 35. b4 Na4 36. Qd4+ c5 37. bxc5+ Ka5 38. Rh1 Rb2+ 39. Ka1 Rxa2+ 40.
Bxa2 Qb2+ 41. Qxb2 axb2+ 42. Kb1 Kb4 43. h8=Q Rxh8 44. Rxh8 Ka3 45. Rh3+ Kb4 46.
f5 Nc3+ 47. Rxc3 Kxc3 48. f6 Kb4 49. f7 Kxc5 50. f8=Q+ 1-0

[Event "Women's Speed Chess Q4"]
[Site "chess.com INT"]
[Date "2020.06.21"]
[Round "3"]
[White "Corrales Jimenez, Zenia"]
[Black "Fuentes Inzunza, Lesly"]
[Result "0-1"]
[WhiteTitle "WIM"]
[BlackTitle "WFM"]
[WhiteElo "2234"]
[BlackElo "1840"]
[WhiteFideId "3506355"]
[BlackFideId "3408205"]
[EventDate "2020.06.21"]

1. e4 c6 2. d4 d5 3. Nc3 dxe4 4. Nxe4 Nf6 5. Ng3 e5 6. dxe5 Qa5+ 7. c3 Qxe5+ 8.
Be2 Bc5 9. Nf3 Qc7 10. Bg5 Nbd7 11. O-O O-O 12. Qc2 h6 13. Bd2 Re8 14. Bd3 Nf8
15. Nh4 Be6 16. Nhf5 Rad8 17. b4 Bd6 18. Nxd6 Qxd6 19. Bxh6 Qxd3 20. Qxd3 Rxd3
21. Be3 Bc4 22. Bxa7 Ra8 23. Bd4 Rxd4 24. cxd4 Bxf1 25. Nxf1 Ne6 26. a4 Nxd4 27.
Ne3 Nd5 28. Nxd5 cxd5 29. Rd1 Ne2+ 30. Kf1 Nc3 31. Rd3 Rc8 32. a5 Kf8 33. f3 Ke7
34. b5 Kd6 35. a6 Nxb5 36. axb7 Rb8 37. g4 Rxb7 38. h4 Ra7 39. g5 Ra4 40. h5 Rh4
41. Rb3 Kc5 42. g6 Rxh5 43. gxf7 Rf5 44. Re3 Rxf7 45. Kg2 d4 46. Re5+ Kc4 47.
Kg3 Nc3 48. Re8 d3 49. Kf2 Nb5 50. Ke3 Rd7 51. Kd2 Na3 52. Re4+ Kb3 53. Re8 Nc4+
54. Kd1 Kc3 55. f4 d2 56. Rc8 Kd3 57. f5 Nb2# 0-1

[Event "Women's Speed Chess Q4"]
[Site "chess.com INT"]
[Date "2020.06.21"]
[Round "3"]
[White "Mammadova, Gulnar"]
[Black "Bivol, Alina"]
[Result "1/2-1/2"]
[WhiteTitle "IM"]
[BlackTitle "WGM"]
[WhiteElo "2382"]
[BlackElo "2386"]
[WhiteFideId "13403508"]
[BlackFideId "4100123"]
[EventDate "2020.06.21"]

1. e4 e6 2. Qe2 c5 3. g3 Nc6 4. c3 d5 5. d3 Nf6 6. e5 Nd7 7. Nf3 g6 8. Bg2 Bg7
9. Bf4 O-O 10. O-O f6 11. exf6 Nxf6 12. Ne5 Nh5 13. Nxc6 Nxf4 14. gxf4 bxc6 15.
Nd2 Rxf4 16. Nb3 Qd6 17. Qe3 d4 18. cxd4 cxd4 19. Qe2 Bd7 20. Rac1 Rf5 21. Be4
Rg5+ 22. Kh1 Rf8 23. f3 Rh5 24. Rf2 Rf4 25. Nd2 Rfh4 26. Nf1 Bh6 27. Rc4 Bf4 28.
b4 a5 29. Qb2 Be3 30. Nxe3 dxe3 31. Rg2 Kf7 32. bxa5 Rxa5 33. Bxg6+ hxg6 34.
Rxh4 Re5 35. Rd4 Rd5 36. Rxd5 Qxd5 37. Qh8 Qxf3 38. Qh7+ Ke8 39. Qxg6+ Kd8 40.
Qg8+ Ke7 41. Qg5+ Ke8 42. Qg4 Qf1+ 43. Rg1 e2 44. Qg8+ Ke7 45. Qg5+ Kd6 46. Qg3+
Kc5 47. Qe5+ Kb6 48. Qd4+ Kc7 49. Qa7+ Kd6 50. Qd4+ Kc7 51. Qa7+ Kc8 52. Qa8+
Kc7 53. Qa7+ 1/2-1/2

[Event "Women's Speed Chess Q4"]
[Site "chess.com INT"]
[Date "2020.06.21"]
[Round "3"]
[White "Ambartsumova, Karina"]
[Black "Mahalakshmi, M"]
[Result "0-1"]
[WhiteTitle "IM"]
[BlackTitle "WIM"]
[WhiteElo "2371"]
[BlackElo "2253"]
[WhiteFideId "4166299"]
[BlackFideId "5001080"]
[EventDate "2020.06.21"]

1. Nf3 Nf6 2. c4 b6 3. g3 Bb7 4. Bg2 g6 5. Nc3 Bg7 6. O-O O-O 7. d4 Ne4 8. Qc2
Nxc3 9. bxc3 d6 10. e4 Nd7 11. Bg5 c5 12. Rfe1 Rc8 13. d5 Ba6 14. Qa4 Nb8 15.
Bd2 Qe8 16. Qb3 Nd7 17. a4 Rb8 18. Rad1 Ne5 19. Nxe5 Bxe5 20. f4 Bg7 21. e5 dxe5
22. fxe5 Qd7 23. Bg5 h6 24. e6 fxe6 25. dxe6 Qe8 26. Bf4 Rd8 27. Bd5 g5 28. Bc7
Rc8 29. Be5 Qh5 30. Bxg7 Kxg7 31. Qc2 Rf6 32. Rf1 Rcf8 33. Qg2 Qg4 34. h3 Rxf1+
35. Rxf1 Rxf1+ 36. Qxf1 Qxg3+ 37. Kh1 Qf4 38. Qe2 Kf6 39. Kg2 Qf5 40. Qh5 Qc2+
41. Kg1 Qc1+ 42. Kg2 Qd2+ 43. Kg1 Qe3+ 44. Kg2 Qd2+ 0-1

[Event "Women's Speed Chess Q4"]
[Site "chess.com INT"]
[Date "2020.06.21"]
[Round "3"]
[White "Padmini, Rout"]
[Black "Mkrtchian, Lilit"]
[Result "1-0"]
[WhiteTitle "IM"]
[BlackTitle "IM"]
[WhiteElo "2370"]
[BlackElo "2388"]
[WhiteFideId "5029295"]
[BlackFideId "13300601"]
[EventDate "2020.06.21"]

1. e4 c5 2. Nf3 Nc6 3. Nc3 e6 4. d4 cxd4 5. Nxd4 d6 6. g3 Nf6 7. Bg2 Bd7 8. Nb3
Be7 9. O-O O-O 10. Qe2 a6 11. g4 b5 12. g5 Ne8 13. f4 b4 14. Nd1 e5 15. h4 exf4
16. Bxf4 Ne5 17. Ne3 Bb5 18. Qd2 Bxf1 19. Rxf1 Nc7 20. Nd4 Ne6 21. Ndf5 Nxf4 22.
Rxf4 g6 23. Nxe7+ Qxe7 24. Nd5 Qa7+ 25. Kh1 Kh8 26. Qxb4 Qc5 27. Qd2 Rac8 28. c3
Qc4 29. b3 Qc5 30. h5 Rce8 31. Qe2 Nd7 32. Qf3 Ne5 33. Qd1 Qc8 34. Kh2 Qd8 35.
Nf6 Re6 36. Bh3 Rxf6 37. Rxf6 Qb6 38. Qxd6 Nf3+ 39. Kg3 Qxd6+ 40. Rxd6 Nxg5 41.
Bg2 a5 42. h6 f6 43. Ra6 Rc8 44. c4 Nf7 45. Rxf6 Nxh6 46. Bh3 Rd8 47. Ra6 Kg7
48. Ra7+ Kf6 49. Kf4 1-0

[Event "Women's Speed Chess Q4"]
[Site "chess.com INT"]
[Date "2020.06.21"]
[Round "3"]
[White "Ouellet, Maili-Jade"]
[Black "Mamedjarova, Turkan"]
[Result "0-1"]
[WhiteTitle "WGM"]
[BlackTitle "WGM"]
[WhiteElo "2257"]
[BlackElo "2309"]
[WhiteFideId "2620472"]
[BlackFideId "13402005"]
[EventDate "2020.06.21"]

1. d4 d5 2. c4 e6 3. Nc3 Nf6 4. cxd5 exd5 5. Bg5 Be7 6. e3 O-O 7. Bd3 Nbd7 8.
Nf3 h6 9. Bf4 c6 10. h3 Re8 11. Qc2 Nf8 12. O-O Bd6 13. Ne5 Be6 14. Rfc1 Qe7 15.
Rab1 a6 16. a3 N8d7 17. Na4 Nh5 18. Bh2 Bxe5 19. dxe5 g6 20. f4 Ng7 21. b4 Nf5
22. Qf2 a5 23. g4 Ng7 24. Nc5 axb4 25. axb4 Nxc5 26. Rxc5 Ra3 27. Bc2 Rea8 28.
f5 gxf5 29. gxf5 Qg5+ 30. Kh1 Bxf5 31. Rg1 Ra1 32. Bxf5 Nxf5 33. Rcc1 Rxc1 34.
Rxc1 Qh5 35. Rf1 Ng7 36. Rg1 Kh7 37. Qc2+ Kh8 38. Qg2 Ne6 39. Bf4 Qh4 40. Kh2
Re8 41. Bg3 Qe4 42. Qxe4 dxe4 43. Rd1 Rd8 44. Ra1 Rd2+ 45. Kg1 Ng5 46. Ra7 Nf3+
47. Kf1 Rd7 48. Ra8+ Kg7 49. Ra4 Kg6 50. Ra2 Kf5 51. Rc2 Rd1+ 52. Kf2 Rh1 53.
Rc4 Ra1 54. Rc5 Ra2+ 55. Kf1 Ke6 56. Rc4 Nd2+ 0-1

[Event "Women's Speed Chess Q4"]
[Site "chess.com INT"]
[Date "2020.06.21"]
[Round "3"]
[White "Golubeva, Oksana"]
[Black "De Seroux, Camille"]
[Result "1/2-1/2"]
[WhiteTitle "WFM"]
[BlackTitle "WIM"]
[WhiteElo "2179"]
[BlackElo "2137"]
[WhiteFideId "4170164"]
[BlackFideId "1305620"]
[EventDate "2020.06.21"]

1. Nf3 Nf6 2. g3 g6 3. b3 Bg7 4. Bb2 O-O 5. d4 d6 6. Bg2 Nbd7 7. O-O c6 8. a4
Re8 9. c4 e5 10. dxe5 dxe5 11. Nxe5 Ng4 12. Nxd7 Bxb2 13. Ra2 Bg7 14. Rd2 Qe7
15. e3 Nh6 16. Bh3 f5 17. b4 Qxb4 18. e4 fxe4 19. Qe2 Qe7 20. Rfd1 Nf5 21. Bxf5
gxf5 22. Qh5 e3 23. fxe3 Qxe3+ 24. Kg2 Qe4+ 25. Kg1 b6 26. Qg5 Qe3+ 27. Qxe3
Rxe3 28. Rd6 c5 29. Nf6+ Bxf6 30. Rxf6 Kg7 31. Rfd6 Ba6 32. Rd7+ Kf6 33. R1d6+
Re6 34. Rd2 Bxc4 35. Rxh7 Rae8 36. Nc3 Re1+ 37. Kf2 Rc1 38. Nd1 Bb3 39. Ne3 c4
40. Nd5+ Kg6 41. Rc7 Ree1 42. Nf4+ Kg5 43. Rg7+ Kh6 44. Rg6+ Kh7 45. Rd7+ Kh8
46. Rc6 Re8 47. Ng6+ Kg8 48. Ne5 Bd1 49. Nxc4 Rc2+ 50. Kf1 Be2+ 51. Kg1 Bxc4 52.
Rg6+ Kf8 53. Rf6+ Kg8 54. Rg6+ Kf8 55. Rf6+ Kg8 56. Rg6+ 1/2-1/2

[Event "Women's Speed Chess Q4"]
[Site "chess.com INT"]
[Date "2020.06.21"]
[Round "3"]
[White "Tsotsonava, Elene"]
[Black "Vifleemskaia, Svetlana"]
[Result "1-0"]
[WhiteTitle "WFM"]
[BlackTitle "WFM"]
[WhiteElo "2012"]
[BlackElo "1943"]
[WhiteFideId "13615939"]
[BlackFideId "4129490"]
[EventDate "2020.06.21"]

1. e4 e5 2. Nf3 Nc6 3. Bb5 a6 4. Ba4 Nf6 5. O-O Be7 6. Re1 b5 7. Bb3 d6 8. c3
Na5 9. Bc2 c5 10. d4 Nc6 11. h3 O-O 12. d5 Nb8 13. Nbd2 c4 14. a4 Bb7 15. Nf1
Nbd7 16. Be3 Qc7 17. g4 Nc5 18. Bxc5 Qxc5 19. Ng3 g6 20. Qd2 Rfe8 21. Kh1 Bf8
22. Rg1 Kh8 23. Qg5 Bg7 24. Raf1 b4 25. Nh4 h6 26. Nxg6+ fxg6 27. Qxg6 Nh7 28.
Nf5 Qc7 29. Nxd6 Rf8 30. Nxb7 Qxb7 31. f4 Qf7 32. Qxf7 Rxf7 33. fxe5 Rxf1 34.
Rxf1 Bxe5 35. cxb4 Bxb2 36. Rf7 Rf8 37. Rc7 Rf1+ 38. Kg2 Rc1 39. Rxc4 Be5 40. b5
axb5 41. axb5 Nf6 42. b6 Kg7 43. b7 Nd7 44. Rc8 Kf6 45. Ba4 Ke7 46. Rxc1 Nb8 47.
Rc8 Bd6 48. Re8+ Kf7 49. Re6 Bf4 50. e5 Kf8 51. Rf6+ Ke7 52. Rxf4 Kd8 53. d6 h5
54. Rf8# 1-0

[Event "Women's Speed Chess Q4"]
[Site "chess.com INT"]
[Date "2020.06.21"]
[Round "3"]
[White "Foisor, Sabina-Francesca"]
[Black "Sowa, Wiktoria"]
[Result "1-0"]
[WhiteTitle "WGM"]
[BlackTitle "WFM"]
[WhiteElo "2228"]
[BlackElo "2093"]
[WhiteFideId "1212915"]
[BlackFideId "21836701"]
[EventDate "2020.06.21"]

1. d4 Nf6 2. c4 g6 3. Nf3 Bg7 4. g3 O-O 5. Bg2 d5 6. O-O dxc4 7. Na3 Nc6 8. Nxc4
Bf5 9. a3 Ne4 10. e3 Be6 11. Nce5 Nxe5 12. Nxe5 Bd5 13. Nd3 Nf6 14. Bd2 Bxg2 15.
Kxg2 Rc8 16. Rc1 Ne4 17. Bc3 c5 18. Nxc5 Nxc5 19. dxc5 Rxc5 20. Bxg7 Rd5 21. Bd4
e5 22. Qb3 exd4 23. exd4 Rxd4 24. Qxb7 Rd7 25. Qc6 Rd6 26. Qc7 Qf6 27. Qxa7 Qxb2
28. a4 Rfd8 29. a5 Qb5 30. Rb1 Qd5+ 31. Kg1 Ra8 32. Rb8+ Rxb8 33. Qxb8+ Kg7 34.
Qb4 Rc6 35. Qb2+ Kh6 36. Qb4 Rc4 37. Qa3 Kg7 38. a6 Rc8 39. a7 Rd8 40. Ra1 Ra8
41. Qb2+ Kh6 42. Qc1+ Kg7 43. Qc3+ Kh6 44. Qc7 Qd4 45. Ra5 Qd1+ 46. Kg2 Qd2 47.
Qf4+ Qxf4 48. gxf4 Kg7 49. Kf3 Kf6 50. Ra6+ Ke7 51. Ke4 f5+ 52. Ke5 Kd7 53. Kf6
Kc7 54. Kg7 Kb7 55. Ra1 Rc8 56. a8=Q+ Rxa8 57. Rxa8 Kxa8 58. Kxh7 Kb7 59. Kxg6
Kc6 60. Kxf5 Kd7 61. h4 Ke7 62. Kg6 Ke6 63. Kg7 1-0

[Event "Women's Speed Chess Q4"]
[Site "chess.com INT"]
[Date "2020.06.21"]
[Round "3"]
[White "Ziegenfuss, Antonia"]
[Black "Hernandez Bonilla, Amelia"]
[Result "1-0"]
[WhiteTitle "WFM"]
[BlackTitle "WFM"]
[WhiteElo "2101"]
[BlackElo "2016"]
[WhiteFideId "12962554"]
[BlackFideId "3900193"]
[EventDate "2020.06.21"]

1. d4 Nf6 2. c4 e6 3. Nc3 Bb4 4. f3 O-O 5. a3 Bxc3+ 6. bxc3 d5 7. e3 Re8 8. Bd3
dxc4 9. Bxc4 e5 10. Ne2 c5 11. O-O exd4 12. cxd4 Nc6 13. dxc5 Qe7 14. Qd6 Be6
15. Bxe6 Qxe6 16. Qxe6 Rxe6 17. e4 Rc8 18. Rb1 Re7 19. Be3 Na5 20. Rfc1 Rec7 21.
Rb5 Nc6 22. Rcb1 Rd7 23. Rxb7 Rd3 24. R7b3 Rxb3 25. Rxb3 Na5 26. Rb4 Nd7 27. Nf4
h6 28. Nd5 Kf8 29. a4 Ke8 30. Rb1 Nxc5 31. Rc1 Nab3 32. Rc3 Kd7 33. Nb4 a5 34.
Nd3 Nxd3 35. Rxd3+ Ke6 36. Rxb3 Rc4 37. Rb6+ Ke7 38. Ra6 Rxa4 39. h3 h5 40. Kh2
f6 41. Bb6 Ra2 42. Rxa5 Rb2 43. Bc5+ Kf7 44. Bd4 Rb7 45. Rxh5 Kg6 46. Rc5 Rd7
47. Bf2 Rd2 48. Be3 Re2 49. Bf4 Kf7 50. Kg3 g5 51. Bc1 Kg6 52. Rd5 Rc2 53. Be3
Re2 54. Bd4 Rd2 55. Rd6 Kh5 56. e5 f5 57. e6 f4+ 58. Kh2 1-0

[Event "Women's Speed Chess Q4"]
[Site "chess.com INT"]
[Date "2020.06.21"]
[Round "3"]
[White "Chitlange, Sakshi"]
[Black "Jakubowska, Anna"]
[Result "1/2-1/2"]
[WhiteTitle "WIM"]
[BlackTitle "WIM"]
[WhiteElo "2167"]
[BlackElo "2073"]
[WhiteFideId "35002899"]
[BlackFideId "1121952"]
[EventDate "2020.06.21"]

1. d4 d5 2. c4 c6 3. Nf3 Nf6 4. Qc2 e6 5. g3 Nbd7 6. Bg2 Bd6 7. O-O Ne4 8. Nbd2
f5 9. Nxe4 fxe4 10. Ne1 O-O 11. f3 exf3 12. Nxf3 Kh8 13. e4 dxc4 14. e5 Be7 15.
Qxc4 Nb6 16. Qc2 Nd5 17. Bd2 Bd7 18. Qe4 c5 19. Kh1 Bc6 20. Qg4 Nc7 21. Rad1
cxd4 22. Ng5 Bxg2+ 23. Kxg2 Bxg5 24. Rxf8+ Qxf8 25. Bxg5 h6 26. Bc1 Qc5 27. Qxd4
Qc6+ 28. Kg1 Nd5 29. Qh4 Qc5+ 30. Qd4 Qxd4+ 31. Rxd4 Rc8 32. Bf4 Rc2 33. Rd2 Rc4
34. Rf2 Kh7 35. h4 Kg6 36. Kg2 Nxf4+ 37. gxf4 Kf5 38. Kg3 Rd4 39. b3 b6 40. Rc2
Rxf4 41. Rc7 g5 42. hxg5 hxg5 43. Rxa7 Kxe5 44. Rb7 Rb4 45. Rg7 Kf6 46. Rg8 Rb5
47. Rf8+ Kg6 48. Re8 Kf5 49. Kf3 g4+ 50. Kg3 Ra5 51. a4 b5 52. Rf8+ Ke5 53. Kxg4
bxa4 54. bxa4 Rxa4+ 55. Kf3 Ra3+ 56. Ke2 Ke4 57. Rh8 Ra2+ 58. Ke1 e5 59. Rh3 Kf4
60. Rb3 e4 61. Rc3 Rb2 62. Ra3 e3 63. Ra8 Kf3 64. Rf8+ Ke4 65. Re8+ Kd3 66. Rd8+
Ke4 67. Re8+ Kf3 68. Rf8+ Ke4 69. Re8+ 1/2-1/2

[Event "Women's Speed Chess Q4"]
[Site "chess.com INT"]
[Date "2020.06.21"]
[Round "3"]
[White "Smietanska, Wiktoria"]
[Black "Shvedova, Alexandra"]
[Result "0-1"]
[WhiteTitle "CM"]
[BlackTitle "WFM"]
[WhiteElo "1593"]
[BlackElo "1994"]
[WhiteFideId "21869359"]
[BlackFideId "54154782"]
[EventDate "2020.06.21"]

1. c4 e6 2. Nc3 d5 3. d4 Be7 4. cxd5 exd5 5. Qc2 Nf6 6. Bg5 c6 7. e3 Bg4 8. Bd3
Bh5 9. Nge2 Bg6 10. O-O Na6 11. a3 O-O 12. Rae1 Nc7 13. f3 Re8 14. e4 dxe4 15.
fxe4 Ne6 16. Be3 Ng4 17. Qd2 Nxe3 18. Qxe3 Bg5 19. Qf2 Bf6 20. e5 Bh4 21. g3
Bxd3 22. gxh4 Bg6 23. Kh1 Qe7 24. Rg1 Rad8 25. Ref1 c5 26. d5 Nf8 27. Nf4 Qxe5
28. Nxg6 Nxg6 29. Qxf7+ Kh8 30. Rf5 Rf8 31. Qxf8+ Rxf8 32. Rxe5 Nxe5 33. Ne4 b6
34. Ng5 g6 35. Re1 Nc4 36. Re2 h6 37. Ne6 Re8 38. b3 Nd6 39. Kg2 Nf5 40. h5 gxh5
41. Re5 Ng7 42. Ng5 Rxe5 43. Nf7+ Kg8 44. Nxe5 Kf8 45. Kf3 Ke7 46. Ke4 Ne8 47.
Nc6+ Kd6 48. Nxa7 Nf6+ 49. Kf5 Nxd5 50. Kg6 Nc3 51. Kxh6 Kc7 52. Kxh5 Kb7 0-1

[Event "Women's Speed Chess Q4"]
[Site "chess.com INT"]
[Date "2020.06.21"]
[Round "3"]
[White "Toncheva, Nadya"]
[Black "Swati, Mohota"]
[Result "0-1"]
[WhiteTitle "WFM"]
[BlackTitle "WFM"]
[WhiteElo "2064"]
[BlackElo "2027"]
[WhiteFideId "2924056"]
[BlackFideId "5006511"]
[EventDate "2020.06.21"]

1. e4 d5 2. exd5 Qxd5 3. Nc3 Qa5 4. d4 Nf6 5. Bd3 Bf5 6. Qf3 Bc8 7. Bd2 c6 8.
Nge2 e6 9. Ne4 Qd8 10. Bg5 Be7 11. Nxf6+ Bxf6 12. Bxf6 Qxf6 13. Qxf6 gxf6 14.
O-O-O Nd7 15. Rhe1 Nb6 16. c4 Bd7 17. Nc3 O-O-O 18. Ne4 Rhg8 19. g3 f5 20. Nd6+
Kc7 21. Nxf7 Rdf8 22. Ne5 Rg7 23. f4 Bc8 24. b3 Nd7 25. Kb2 Nf6 26. a4 a5 27.
Kc3 h5 28. b4 axb4+ 29. Kxb4 h4 30. gxh4 Rh8 31. Nf3 Rg4 32. Ng5 Rxf4 33. Nxe6+
Bxe6 34. Rxe6 Nd7 35. Re7 Rhxh4 36. Rg1 Rxh2 37. Rgg7 Rxd4 38. Bxf5 Rhd2 39. Kc3
c5 40. Kb3 b6 41. Kc3 Kc6 42. Bxd7+ Rxd7 43. Re6+ R2d6 44. Rgg6 Rxe6 45. Rxe6+
Rd6 46. Re8 Rg6 47. Rc8+ Kb7 48. Rd8 Rg3+ 49. Kc2 Ra3 50. Rd7+ Ka6 51. Rd8 Ka5
52. Ra8+ Kb4 53. Ra6 Rxa4 54. Rxb6+ Kxc4 55. Rb8 Ra2+ 56. Kc1 Kc3 57. Kb1 Rg2
58. Rh8 c4 59. Rh3+ Kb4 60. Rh4 Kb3 61. Rh8 Rg1# 0-1

[Event "Women's Speed Chess Q4"]
[Site "chess.com INT"]
[Date "2020.06.21"]
[Round "3"]
[White "Dordzhieva, Dinara"]
[Black "Hng, Mei-En Emmanuelle"]
[Result "0-1"]
[WhiteTitle "WIM"]
[BlackTitle "WFM"]
[WhiteElo "2354"]
[BlackElo "2029"]
[WhiteFideId "24157570"]
[BlackFideId "5804566"]
[EventDate "2020.06.21"]

1. d4 Nf6 2. c3 c5 3. Nf3 e6 4. g3 Nc6 5. Bg2 d5 6. O-O Be7 7. b3 O-O 8. Bb2 b6
9. Nbd2 cxd4 10. Nxd4 Nxd4 11. cxd4 Bb7 12. Rc1 Rc8 13. Nf3 Ne4 14. Qd3 Bd6 15.
Nh4 f5 16. Nf3 Qe7 17. Ne5 Bxe5 18. dxe5 Nc5 19. Qd4 Ba6 20. Rfe1 Qf7 21. Ba3 f4
22. b4 fxg3 23. hxg3 Ne4 24. b5 Bxb5 25. Bxf8 Rxf8 26. Bxe4 dxe4 27. Rc2 Qf5 28.
Rc7 Qg4 29. Qe3 a5 30. a3 h5 31. Qxb6 Bxe2 32. Re7 Bc4 33. Qd4 Bd5 34. Qe3 Rf3
35. Qa7 e3 36. Rxg7+ Qxg7 37. Qxg7+ Kxg7 38. fxe3 Rxg3+ 39. Kf2 Rg2+ 40. Kf1 Ra2
41. e4 Bc4+ 42. Kg1 Rxa3 43. Rc1 Bd3 44. Rc7+ Kg6 45. Rc6 Bxe4 46. Rxe6+ Kf5 47.
Rh6 Bf3 48. e6 Bg4 49. e7 Re3 50. Ra6 Rxe7 51. Rxa5+ Kf4 52. Ra4+ Kg3 53. Kf1
Bh3+ 54. Kg1 Bg4 55. Ra3+ Bf3 56. Kf1 h4 57. Rb3 h3 58. Rc3 Rd7 0-1

[Event "Women's Speed Chess Q4"]
[Site "chess.com INT"]
[Date "2020.06.21"]
[Round "3"]
[White "Gunina, Valentina"]
[Black "Linares Napoles, Oleiny"]
[Result "1-0"]
[WhiteTitle "GM"]
[BlackTitle "WGM"]
[WhiteElo "2431"]
[BlackElo "2215"]
[WhiteFideId "4167570"]
[BlackFideId "3504794"]
[EventDate "2020.06.21"]

1. d4 Nf6 2. c4 g6 3. Nc3 Bg7 4. e4 d6 5. Nf3 O-O 6. Be2 Na6 7. O-O e5 8. d5 Nc5
9. Nd2 a5 10. b3 c6 11. Ba3 Nfd7 12. Qc2 f5 13. exf5 gxf5 14. Rae1 Bh6 15. Nf3
Qf6 16. Rd1 Qg6 17. Kh1 Rf6 18. Rg1 Kh8 19. Nh4 Qf7 20. Rdf1 Bg5 21. Nf3 Bh6 22.
g3 e4 23. Nh4 Ne5 24. Bxc5 dxc5 25. f4 exf3 26. Nxf3 Ng4 27. Qd3 Bd7 28. Nh4 Re8
29. Bxg4 fxg4 30. Ne4 Rxf1 31. Rxf1 Qe7 32. Nf6 Rf8 33. d6 Qf7 34. Kg2 Qg7 35.
Nxd7 Qxd7 36. Nf5 Bg7 37. Qe4 Re8 38. Qxg4 Bb2 39. Qh5 Rf8 40. Ne7 Rxf1 41. Kxf1
Kg7 42. Qg5+ Kf7 43. Qg8+ Kf6 44. Qh8+ Ke6 45. Qxb2 Kxd6 46. Qf6+ Kc7 47. Qf4+
Kb6 48. Nf5 Qd1+ 49. Kg2 Qc2+ 50. Qf2 Qe4+ 51. Kh3 h5 52. Ne3 Ka6 53. Qf4 Qb1
54. Qe5 Qxa2 55. Qc3 Qe2 56. Qe5 Qb2 57. Qxb2 1-0

[Event "Women's Speed Chess Q4"]
[Site "chess.com INT"]
[Date "2020.06.21"]
[Round "3"]
[White "Mohota, Nisha"]
[Black "Bogumil, Tatiana"]
[Result "0-1"]
[WhiteTitle "IM"]
[BlackTitle "WGM"]
[WhiteElo "2195"]
[BlackElo "2182"]
[WhiteFideId "5004330"]
[BlackFideId "4110579"]
[EventDate "2020.06.21"]

1. d4 Nf6 2. c4 c5 3. d5 b5 4. cxb5 a6 5. bxa6 Bxa6 6. Nf3 g6 7. Nc3 d6 8. g3
Bg7 9. Bg2 O-O 10. O-O Qa5 11. Bd2 Nbd7 12. h3 Rfb8 13. Rb1 Ra7 14. Re1 Ne8 15.
Qc2 Nc7 16. a4 Qb6 17. e4 Qb3 18. Qxb3 Rxb3 19. Bg5 Kf8 20. Nd2 Rb4 21. Bf1 h6
22. Be3 Ne5 23. f4 Nd3 24. Bxd3 Bxd3 25. Rbc1 Rxb2 26. e5 Rab7 27. Nf3 R2b3 28.
Red1 Rxc3 29. Rxc3 Be2 30. Rf1 Bxf1 31. Kxf1 Nxd5 32. Ra3 Nxe3+ 33. Rxe3 Rb1+
34. Ke2 Ra1 35. Rb3 f5 36. e6 Bf6 37. Rb8+ Kg7 38. Ra8 Bc3 39. Kd3 Bb4 40. Kc4
Kf6 41. Kb5 Kxe6 42. a5 Ra3 43. a6 Rxf3 44. Rg8 Kf7 45. Rh8 Ra3 46. Rh7+ Kf6 47.
Rxh6 Bd2 48. Rh8 Be3 0-1